Szczegóły MARC21

Język nowych mediów /

003 -Nazwa inst., której nr kontr. jest w polu 001 [,]
    • @
    • Nazwa instytucji, której n kontrolny jest w polu 001
    • NUKAT
005 -DATA I CZAS OSTATNIEJ MODYFIKACJI [,]
    • @
    • pole kontrolne
    • 20241231102452.0
020 -Międzynarod. znormalizowany nr książki - ISBN [ , ]
    • a
    • Numer ISBN
    • 8360501025 Find
020 -Międzynarod. znormalizowany nr książki - ISBN [ , ]
    • a
    • Numer ISBN
    • 9788360501023 Find
040 -Instytucja sporządzająca opis [ , ]
    • a
    • Instytucja, która sporządziła opis (NP)
    • WR U/mt
    • c
    • Instytucja, która sporządziła rekord (NP)
    • WR U/mt
    • d
    • Instytucja, która zmodyfikowała rekord (P)
    • WR U/dl
    • d
    • Instytucja, która zmodyfikowała rekord (P)
    • KR 93/KKs
041 -Język dokumentu [1, ]
    • a
    • Język tekstu (P)
    • polski
    • h
    • Język tekstu oryginalnego i/lub pośredniego (P)
    • angielski
942 -Rodzaj dokumentu [ , ]
    • c
    • Rodzaj dokumentu
    • Książka
100 -Hasło główne - nazwa osobowa [1, ]
    • a
    • Nazwa osobowa (NP)
    • Manovich, Lev
    • d
    • Daty biograficzne (NP)
    • (1960- ).
    • 9
    • KHW
    • 650655
240 -Tytuł ujednolicony [1,0]
    • a
    • Tytuł ujednolicony
    • Language of new media
    • l
    • Język tekstu
    • (pol.)
    • 9
    • KHW
    • 650657
245 -Strefa tytułu i oznaczenia odpowiedzialności [1,0]
    • a
    • Tytuł
    • Język nowych mediów / Find
    • c
    • Pozostałe elementy strefy tytułu i oznaczenia odpowiedzialności (NP)
    • Lev Manovich ; [tł. Piotr Cypryański].
260 -Strefa adresu wydawniczego [ , ]
    • a
    • Miejsce wydania (P)
    • Warszawa :
    • b
    • Nazwa wydawcy (P)
    • Wydawnictwa Akademickie i Profesjonalne,
    • c
    • Data wydania (P)
    • cop. 2006.
300 -Strefa opisu fizycznego [ , ]
    • a
    • Określenie formy książki i/lub objętość (NP)
    • 483 s. :
    • b
    • Oznaczenie ilustracji (NP)
    • il. ;
    • c
    • Format (NP)
    • 21 cm.
336 -Typ zawartości [ , ]
    • a
    • Termin opisujący typ zawartości
    • Tekst
    • b
    • Kod określający zawartość
    • txt
    • 2
    • Źródło (terminu i kodu)
    • rdacontent
337 -Typ mediów [ , ]
    • a
    • Tryb odtwarzania
    • Bez urządzenia pośredniczącego
    • b
    • Kod typu mediów
    • n
    • 2
    • Źródło (terminu i kodu)
    • rdamedia
338 -Typ/rodzaj nośnika [ , ]
    • a
    • Hasło opisujące typ nośnika
    • Wolumin
    • b
    • Kod typu nośnika
    • nc
    • 2
    • Źródło (terminu i kodu)
    • rdacarrier
490 -Strefa serii i książki wielotomowej - forma nie do wyszukiwania [1, ]
    • a
    • Tytuł (P)
    • Cyberkultura, Internet, Społeczeństwo Find
830 -Hasło dodatkowe serii i opisu książki wielotomowej - tytuł ujednolicony/tytuł [ ,0]
    • a
    • Tytuł ujednolicony/tytuł (NP)
    • Cyberkultura, Internet, Społeczeństwo
    • 9
    • KHW
    • 1407
500 -Uwaga ogólna [ , ]
    • a
    • Uwaga ogólna (NP)
    • Tyt. oryg.: The language of new media.
504 -Uwaga dot. bibliogr. załącznikowej [ , ]
    • a
    • Uwaga dot. bibliografii załącznikowej
    • Bibliogr. s. 51-53. Indeks.
080 -Uniwersalna Klasyfikacja Dziesiętna [ , ]
    • 2
    • Identyfikator wydania tablic
    • UDC-P058
    • a
    • Symbol klasyfikacji
    • 316.77
    • b
    • Dopowiedzenie
    • Socjologia komunikowania. Komunikacja społeczna. Wpływ środków masowego przekazu, decydentów, cenzury. Sprzężenie zwrotne komunikowania. Kultura audiowizualna.
080 -Uniwersalna Klasyfikacja Dziesiętna [ , ]
    • 2
    • Identyfikator wydania tablic
    • UDC-P058
    • a
    • Symbol klasyfikacji
    • 316.324.8
    • b
    • Dopowiedzenie
    • Społeczeństwa postprzemysłowe.
080 -Uniwersalna Klasyfikacja Dziesiętna [ , ]
    • 2
    • Identyfikator wydania tablic
    • UDC-P058
    • a
    • Symbol klasyfikacji
    • 7.01:316.74
    • b
    • Dopowiedzenie
    • Socjologia sztuki.
080 -Uniwersalna Klasyfikacja Dziesiętna [ , ]
    • 2
    • Identyfikator wydania tablic
    • UDC-P058
    • a
    • Symbol klasyfikacji
    • 791.65
    • b
    • Dopowiedzenie
    • Wyświetlanie filmów. Kina.
080 -Uniwersalna Klasyfikacja Dziesiętna [ , ]
    • 2
    • Identyfikator wydania tablic
    • UDC-P058
    • a
    • Symbol klasyfikacji
    • 004
    • b
    • Dopowiedzenie
    • Informatyka i technika komputerowa.
650 -Hasło przedmiotowe [ ,7]
    • a
    • Hasło przedmiotowe
    • Mass media
    • x
    • Określnik rzeczowy
    • innowacje.
    • 2
    • Źródło terminu
    • kaba
    • 9
    • KHW
    • 382879
650 -Hasło przedmiotowe [ ,7]
    • a
    • Hasło przedmiotowe
    • Mass media i język.
    • 2
    • Źródło terminu
    • kaba
    • 9
    • KHW
    • 118507
980 -Symbol UKD [ , ]
    • a
    • UKD
    • 316.77:316.324.8:7.01:316.74:791.65:004
700 -Hasło dodatkowe - nazwa osobowa [1, ]
    • a
    • Nazwa osobowa (NP)
    • Cypryański, Piotr Find
    • d
    • Daty biograficzne (NP)
    • (1970- ).
    • e
    • Określenie rodzaju współpracy
    • Tł.
    • 9
    • KHW
    • 22151
920 -ISBN [ , ]
    • a
    • ISBN
    • 83-60501-02-5 Find
920 -ISBN [ , ]
    • a
    • ISBN
    • 978-83-60501-02-3 Find
Sygnatura Numer inwentarzowy Status udost. Data inwentaryzacji Lokalizacja
 Z.11043712008-03-06BG
POL. Medioznawstwo 07P.2131812008-11-24BM
 H.1751112008-03-06BNS